[Event "AUTO-MASTER-3243"]
[Site "http://www.queenalice.com/game.php?id=1859833"]
[Date "2025.7.11"]
[Round "2"]
[White "rmvwoods"]
[Black "Guilherme_Ottoni"]
[Result "0-1"]
[WhiteElo "2067"]
[BlackElo "2270"]

1. e4 e5 2. Nf3 Nc6 3. Bb5 a6 4. Ba4 Nf6 5. O-O Be7 6. Re1 b5 7. Bb3 d6 8. d4
Bg4 9. c3 Na5 10. Bc2 c5 11. b4 cxb4 12. cxb4 Nc6 13. dxe5 Nxe5 14. Re3 Nxf3+
15. gxf3 Be6 16. Bb2 Nh5 17. Kf1 Bf6 18. Nc3 O-O 19. Rb1 Nf4 20. Ne2 Bh3+ 21.
Ke1 Ng2+ 22. Kd2 Bxb2 23. Rxb2 Nxe3 24. Kxe3 Qf6 25. Nf4 Qxb2 0-1

[Event "AUTO-MASTER-3237"]
[Site "http://www.queenalice.com/game.php?id=1860702"]
[Date "2025.7.28"]
[Round "3"]
[White "NimbleKnight"]
[Black "Guilherme_Ottoni"]
[Result "0-1"]
[WhiteElo "2124"]
[BlackElo "2245"]

1. d4 d5 2. c4 dxc4 3. Nf3 a6 4. e3 Bg4 5. Bxc4 e6 6. h3 Bh5 7. Nc3 Nd7 8. O-O
c5 9. Be2 cxd4 10. Nxd4 Bxe2 11. Qxe2 Ngf6 12. Rd1 Qc7 13. Bd2 Be7 14. Rac1 Qb8
15. e4 O-O 16. a3 b5 0-1

[Event "AUTO-MASTER-3278"]
[Site "http://www.queenalice.com/game.php?id=1862050"]
[Date "2025.8.25"]
[Round "1"]
[White "Guilherme_Ottoni"]
[Black "JailtonMaster"]
[Result "1/2-1/2"]
[WhiteElo "2290"]
[BlackElo "1969"]

1. d4 d5 2. Nf3 Nf6 3. e3 e6 4. Bd3 c5 5. c3 Nc6 6. O-O Bd6 7. Nbd2 O-O 8. Qe2
b6 9. e4 dxe4 10. Nxe4 Bb7 11. dxc5 Bxc5 12. Nxc5 bxc5 13. Rd1 Qc7 14. h3 Rad8
15. Be3 Ne7 16. Qc2 Ned5 17. Bg5 h6 18. Bh4 c4 19. Be4 Ne3 20. Bh7+ Nxh7 21.
Bxd8 Nxc2 22. Bxc7 Nxa1 23. Rxa1 Bxf3 24. gxf3 Ng5 25. Kg2 f6 26. Rd1 Rf7 27.
Bf4 Rb7 28. Rd2 1/2-1/2

[Event "AUTO-MASTER-3278"]
[Site "http://www.queenalice.com/game.php?id=1862051"]
[Date "2025.8.25"]
[Round "1"]
[White "JailtonMaster"]
[Black "Guilherme_Ottoni"]
[Result "1/2-1/2"]
[WhiteElo "1959"]
[BlackElo "2280"]

1. e4 c5 2. Nf3 e6 3. d4 cxd4 4. Nxd4 Nc6 5. Nc3 d6 6. Bb5 Qc7 7. O-O a6 8. Ba4
b5 9. Bb3 Nf6 10. Re1 Be7 11. Nxc6 Qxc6 12. a3 Bb7 13. Bg5 h6 14. Bh4 Rd8 15.
Qe2 O-O 16. Rad1 Rfe8 17. f4 e5 18. Nd5 Nxd5 19. Bxd5 Qb6+ 20. Bf2 Qc7 21. f5
Rc8 22. c3 Bxd5 23. Rxd5 f6 24. Red1 Qc4 25. R1d3 Kf7 26. Qh5+ Kg8 27. Rg3 Bf8
28. Rxd6 Qxe4 29. h3 Bxd6 30. Rxg7+ Kxg7 31. Qg6+ 1/2-1/2

[Event "AUTO-MASTER-3278"]
[Site "http://www.queenalice.com/game.php?id=1862052"]
[Date "2025.8.25"]
[Round "1"]
[White "Guilherme_Ottoni"]
[Black "tucuman10"]
[Result "0-1"]
[WhiteElo "2307"]
[BlackElo "2129"]

1. e4 e6 2. d4 d5 3. Nc3 Bb4 4. e5 Nc6 5. Qg4 g6 6. Be3 Bd7 7. a3 Bxc3+ 8. bxc3
Qe7 9. Bd3 f5 10. Qe2 h6 11. Qd2 Na5 12. Nf3 O-O-O 13. g3 Qf7 14. O-O g5 15. h4
f4 16. gxf4 gxf4 17. Bxf4 Rf8 18. Bg3 Qxf3 19. Be2 Qf7 20. Rab1 Nc4 21. Rb4 Nxd2
0-1

[Event "AUTO-MASTER-3278"]
[Site "http://www.queenalice.com/game.php?id=1862053"]
[Date "2025.8.25"]
[Round "1"]
[White "tucuman10"]
[Black "Guilherme_Ottoni"]
[Result "1-0"]
[WhiteElo "2187"]
[BlackElo "2270"]

1. d4 d5 2. c4 dxc4 3. e4 Nf6 4. e5 Nd5 5. Nc3 Nb6 6. Be3 Nc6 7. Nf3 Bg4 8. Be2
e6 9. O-O Bb4 10. a3 Bxc3 11. bxc3 a6 12. Nd2 Bxe2 13. Qxe2 Nd5 14. Rac1 b5 15.
Qg4 g6 16. Bg5 h5 17. Qg3 Nce7 18. Qf3 Qd7 19. Ne4 O-O-O 20. a4 Rdf8 21. Nc5 Qc6
22. axb5 axb5 23. Ra1 Kb8 24. Bxe7 Nxe7 25. Qxc6 Nxc6 26. Nd7+ Kc8 27. Nxf8 Rxf8
28. Rfb1 Kd7 29. Rxb5 f6 30. Rc5 fxe5 31. dxe5 Rf5 32. Rd1+ 1-0

[Event "AUTO-MASTER-3278"]
[Site "http://www.queenalice.com/game.php?id=1862054"]
[Date "2025.8.25"]
[Round "1"]
[White "Guilherme_Ottoni"]
[Black "askasl159"]
[Result "1-0"]
[WhiteElo "2303"]
[BlackElo "1934"]

1. e4 e5 2. Nf3 Nc6 3. Bb5 Qf6 4. Nc3 Nge7 5. d3 a6 6. Bg5 Qe6 7. Bc4 d5 8. exd5
Qd7 9. dxc6 Nxc6 10. Qe2 h6 11. Bh4 g5 12. Bg3 Bg7 13. Bxe5 Nxe5 14. Nxe5 Qe7
15. Bxf7+ Kd8 16. Ng6 Bxc3+ 17. bxc3 Qxe2+ 18. Kxe2 Rh7 19. Bd5 Bf5 20. Be4 Rf7
21. Bxf5 Rxf5 22. d4 Kd7 23. Ne5+ Ke6 24. f3 Re8 25. Kd3 b5 26. Rhe1 Kd5 27. a4
c5 28. axb5 axb5 29. Ra5 c4+ 30. Kd2 Rb8 31. Rb1 Rb6 32. Rbxb5+ Rxb5 33. Rxb5+
Ke6 34. Rc5 Kf6 35. Rxc4 1-0

[Event "AUTO-MASTER-3278"]
[Site "http://www.queenalice.com/game.php?id=1862055"]
[Date "2025.8.25"]
[Round "1"]
[White "askasl159"]
[Black "Guilherme_Ottoni"]
[Result "0-1"]
[WhiteElo "1932"]
[BlackElo "2304"]

1. e3 e5 2. Bc4 d5 3. Bb3 Nf6 4. d4 Bd6 5. Ne2 O-O 6. dxe5 Bxe5 7. f4 Bd6 8.
Nbc3 c6 9. O-O Na6 10. h3 Nc5 11. Ng3 Re8 12. Qf3 Qb6 13. Na4 Nxa4 14. Bxa4 Bc5
15. Re1 Qb4 16. Bb3 Qxe1+ 17. Kh2 Qa5 18. a3 Qb6 19. Bd2 Bd7 20. Re1 Re7 21. e4
dxe4 22. Qe2 Rae8 23. Bc3 Bd4 24. Bxd4 Qxd4 25. c3 Qb6 26. Qc2 Qc7 27. f5 Bxf5
28. Re3 Nh5 29. Qf2 Nxg3 30. Qxg3 Qxg3+ 31. Kxg3 Be6 32. Bc2 f5 33. b4 g5 34.
Kh2 Kg7 35. g3 Rd8 36. Re2 Bc4 0-1

[Event "AUTO-MASTER-3280"]
[Site "http://www.queenalice.com/game.php?id=1862750"]
[Date "2025.9.9"]
[Round "1"]
[White "CCapivara"]
[Black "Guilherme_Ottoni"]
[Result "1-0"]
[WhiteElo "2272"]
[BlackElo "2256"]

1. e4 e5 2. Nf3 Nc6 3. Bb5 a6 4. Bxc6 dxc6 5. O-O f6 6. d3 Bd6 7. h3 Ne7 8. Be3
c5 9. Nbd2 Nc6 10. Nh2 Be6 11. f4 Qd7 12. fxe5 Nxe5 13. Nhf3 Nxf3+ 14. Nxf3
O-O-O 15. a4 Bf7 16. Qe1 Bg6 17. Nh4 Bf7 18. Nf5 Bg6 19. Nxd6+ cxd6 20. b4 b6
21. a5 Qc6 22. axb6 Qxb6 23. bxc5 dxc5 24. Qc3 Rd7 25. Rfb1 Qc6 26. Bxc5 Rc7 27.
d4 Bxe4 28. Qg3 g6 29. Rb6 Qd5 30. Rbxa6 f5 31. c4 Qxc4 32. Ra8+ Bxa8 33. Rxa8+
Kb7 34. Ra7+ 1-0

[Event "AUTO-MASTER-3280"]
[Site "http://www.queenalice.com/game.php?id=1862751"]
[Date "2025.9.9"]
[Round "1"]
[White "Guilherme_Ottoni"]
[Black "CCapivara"]
[Result "1-0"]
[WhiteElo "2244"]
[BlackElo "2284"]

1. e4 d6 2. d4 Nf6 3. Nc3 c6 4. f4 Qc7 5. Nf3 Bg4 6. h3 Bxf3 7. Qxf3 e5 8. Be3
Nbd7 9. O-O-O Be7 10. g4 O-O 11. g5 Ne8 12. h4 b5 13. a3 a5 14. Na2 exf4 15.
Bxf4 b4 16. a4 b3 17. cxb3 Rb8 18. Bc4 Nb6 19. Kb1 Qb7 20. Rh2 Nc7 21. Qg3 Nxc4
22. bxc4 c5 23. d5 Qb6 24. e5 dxe5 25. Bxe5 Na6 26. Bxb8 Rxb8 27. d6 Bf8 28. h5
Nb4 29. Nxb4 Qxb4 30. b3 Qxc4 31. Rb2 Qe4+ 32. Qd3 Qg4 33. g6 hxg6 34. hxg6 Qxg6
35. Qxg6 fxg6 36. d7 Rd8 37. Re2 Kf7 38. Rf1+ Kg8 39. Re8 1-0

[Event "AUTO-MASTER-3280"]
[Site "http://www.queenalice.com/game.php?id=1862768"]
[Date "2025.9.9"]
[Round "1"]
[White "Guilherme_Ottoni"]
[Black "Tartenfou93"]
[Result "0-1"]
[WhiteElo "2253"]
[BlackElo "2034"]

1. e4 c6 2. d4 d5 3. exd5 cxd5 4. c4 Nf6 5. Nc3 dxc4 6. Bxc4 Bd7 7. Nf3 Nc6 8.
O-O e6 9. Bg5 Be7 10. a3 O-O 11. Ba2 Qb6 12. b4 Rac8 13. Qd2 h6 14. Bh4 Rfd8 15.
b5 Nxd4 16. Nxd4 Bxb5 17. Ncxb5 a6 18. Bxf6 Bxf6 19. Rab1 axb5 20. Rxb5 Qxb5 21.
Nxb5 Rxd2 0-1

[Event "AUTO-MASTER-3280"]
[Site "http://www.queenalice.com/game.php?id=1862769"]
[Date "2025.9.9"]
[Round "1"]
[White "Tartenfou93"]
[Black "Guilherme_Ottoni"]
[Result "0-1"]
[WhiteElo "2069"]
[BlackElo "2234"]

1. d4 Nf6 2. Bf4 d6 3. Nf3 Nbd7 4. Nbd2 Nh5 5. Bg3 Nxg3 6. hxg3 e5 7. e4 exd4 8.
Nxd4 g6 9. f4 Bg7 10. c3 Nb6 11. N2f3 Bg4 12. Be2 Qe7 13. Bd3 O-O-O 14. Qc2 f5
15. Ng5 fxe4 16. Be2 Bxe2 17. Nxe2 d5 18. O-O-O Bf6 19. Nh3 Nc4 20. Nd4 Ne3 21.
Qa4 Nxd1 22. Rxd1 Bxd4 23. cxd4 a6 24. Ng1 Rd6 25. Ne2 Rc6+ 26. Kb1 Qd6 27. Nc3
Kb8 28. Qb3 Rd8 29. Rc1 g5 30. Na4 Rxc1+ 31. Kxc1 gxf4 32. Nc5 Qc6 33. Kd2 fxg3
34. Qxg3 Qb6 35. Kc3 Ka7 36. b4 Qc6 37. Kb3 b6 38. Ne6 Qc4+ 39. Ka3 Qd3+ 40.
Qxd3 exd3 41. Kb2 Rg8 42. Nxc7 Rxg2+ 43. Kc1 Rc2+ 0-1

[Event "AUTO-MASTER-3280"]
[Site "http://www.queenalice.com/game.php?id=1862771"]
[Date "2025.9.9"]
[Round "1"]
[White "attachui"]
[Black "Guilherme_Ottoni"]
[Result "1-0"]
[WhiteElo "2138"]
[BlackElo "2239"]

1. d4 Nf6 2. c4 g6 3. Nc3 d5 4. cxd5 Nxd5 5. e4 Nxc3 6. bxc3 Bg7 7. Bc4 c5 8.
Bb2 O-O 9. Ne2 cxd4 10. cxd4 Nc6 11. O-O Na5 12. Bd3 Nc6 13. e5 Nb4 14. Be4 Nd5
15. Rc1 Bd7 16. Bxd5 e6 17. Bxb7 Rb8 18. Ba3 Rxb7 19. Bxf8 Bxf8 20. d5 exd5 21.
Qxd5 Rb5 22. Qd4 Be7 23. Rfd1 1-0

[Event "AUTO-ELITE-2598"]
[Site "http://www.queenalice.com/game.php?id=1865384"]
[Date "2025.11.9"]
[Round "1"]
[White "Sexxy_Bunny"]
[Black "Guilherme_Ottoni"]
[Result "1-0"]
[WhiteElo "2599"]
[BlackElo "2241"]

1. e4 c6 2. d4 d5 3. e5 Bf5 4. Nf3 e6 5. Be2 Ne7 6. O-O c5 7. c4 dxc4 8. Na3
cxd4 9. Nxd4 Bd3 10. Nxc4 Bxc4 11. Bxc4 a6 12. Qa4+ Nbc6 13. Nxe6 fxe6 14. Bxe6
Qa5 15. Qb3 Nxe5 16. f4 N7g6 17. fxe5 Bc5+ 18. Kh1 Nxe5 19. Bf7+ Nxf7 20. Qxf7+
Kd8 21. Rd1+ Kc8 22. Bf4 1-0

[Event "AUTO-ELITE-2598"]
[Site "http://www.queenalice.com/game.php?id=1865385"]
[Date "2025.11.9"]
[Round "1"]
[White "Guilherme_Ottoni"]
[Black "Sexxy_Bunny"]
[Result "0-1"]
[WhiteElo "2240"]
[BlackElo "2600"]

1. d4 Nf6 2. c4 e6 3. g3 d5 4. Bg2 Be7 5. Nf3 O-O 6. Qc2 c5 7. O-O cxd4 8. Nxd4
Nc6 9. Nxc6 bxc6 10. Rd1 Ba6 11. b3 Qb6 12. Nd2 Rfd8 13. e3 Rac8 14. Bb2 c5 15.
Nf3 dxc4 16. bxc4 Bb7 17. Rxd8+ Rxd8 18. Rb1 Be4 19. Bxf6 Bxc2 20. Rxb6 Rd1+ 21.
Bf1 axb6 22. Bxe7 Bd3 23. Bd8 Bxf1 24. h4 Bxc4+ 0-1

[Event "AUTO-MASTER-3288"]
[Site "http://www.queenalice.com/game.php?id=1865528"]
[Date "2025.11.13"]
[Round "1"]
[White "chessman"]
[Black "Guilherme_Ottoni"]
[Result "0-1"]
[WhiteElo "2055"]
[BlackElo "2227"]

1. e4 c6 2. Nf3 d5 3. exd5 cxd5 4. d4 Nc6 5. Bb5 Nf6 6. O-O Bg4 7. Re1 e6 8. c3
Bd6 9. Nbd2 O-O 10. Nf1 Qc7 11. h3 Bh5 12. Qd3 a6 13. Bxc6 bxc6 14. Bg5 Bg6 15.
Qe2 Be7 16. Ne5 c5 17. Rac1 Rfc8 18. dxc5 Bxc5 19. Bxf6 gxf6 20. Nf3 Qa7 21. Ng3
Kg7 22. h4 h5 23. a4 Rh8 24. b4 Bd6 25. Red1 Bxg3 0-1

[Event "AUTO-MASTER-3288"]
[Site "http://www.queenalice.com/game.php?id=1865529"]
[Date "2025.11.13"]
[Round "1"]
[White "Guilherme_Ottoni"]
[Black "chessman"]
[Result "1/2-1/2"]
[WhiteElo "2234"]
[BlackElo "2046"]

1. d4 d5 2. Nf3 e6 3. e3 c5 4. c3 Nf6 5. Bd3 Be7 6. Nbd2 Nc6 7. O-O O-O 8. Qe2
c4 9. Bc2 Bd7 10. e4 dxe4 11. Nxe4 b5 12. Rd1 Re8 13. b3 Nxe4 14. Bxe4 Rc8 15.
b4 Qc7 16. Be3 a6 17. Bc2 Bf6 18. a4 Ne7 19. axb5 axb5 20. Ra5 Ra8 21. Rda1 Rxa5
22. Rxa5 Nc6 23. Ra1 Ne7 24. Bg5 Bxg5 25. Nxg5 h6 26. Ne4 Ng6 27. Nc5 Bc6 28.
Be4 Ne7 29. Qf3 1/2-1/2

[Event "AUTO-MASTER-3288"]
[Site "http://www.queenalice.com/game.php?id=1865542"]
[Date "2025.11.13"]
[Round "1"]
[White "Guilherme_Ottoni"]
[Black "JailtonMaster"]
[Result "1/2-1/2"]
[WhiteElo "2230"]
[BlackElo "2206"]

1. e4 e5 2. Nf3 Nc6 3. Bb5 a6 4. Ba4 Nf6 5. O-O Be7 6. Qe2 b5 7. Bb3 O-O 8. c3
Bb7 9. a4 Na5 10. Bc2 Nc6 11. axb5 axb5 12. Rxa8 Qxa8 13. Qxb5 Ba6 14. Qa4 Bxf1
15. Kxf1 Qb7 16. b4 Ra8 17. Qb3 Qb5+ 18. Kg1 d5 19. exd5 Qe2 20. Bd1 Qd3 21.
dxc6 Ra1 22. Bc2 Qe2 23. Bd1 Qd3 24. Bc2 Qe2 25. Bd1 Qd3 1/2-1/2

[Event "AUTO-MASTER-3288"]
[Site "http://www.queenalice.com/game.php?id=1865543"]
[Date "2025.11.13"]
[Round "1"]
[White "JailtonMaster"]
[Black "Guilherme_Ottoni"]
[Result "1-0"]
[WhiteElo "2180"]
[BlackElo "2244"]

1. d4 d5 2. c4 dxc4 3. Nf3 a6 4. e4 b5 5. a4 c6 6. axb5 cxb5 7. b3 Nf6 8. e5 Nd5
9. bxc4 bxc4 10. Bxc4 e6 11. O-O Bb7 12. Bg5 Be7 13. Bxd5 Bxd5 14. Bxe7 Qxe7 15.
Nc3 Bc4 16. Re1 O-O 17. d5 exd5 18. Nxd5 Qc5 19. Ne3 Bb5 20. Rc1 Qa7 21. Nd5 Rd8
22. Nf6+ gxf6 23. Qxd8+ Kg7 24. Qxf6+ 1-0

[Event "AUTO-MASTER-3288"]
[Site "http://www.queenalice.com/game.php?id=1865544"]
[Date "2025.11.13"]
[Round "1"]
[White "Guilherme_Ottoni"]
[Black "Capixabba789"]
[Result "1/2-1/2"]
[WhiteElo "2253"]
[BlackElo "1947"]

1. e4 Nf6 2. e5 Nd5 3. c4 Nb6 4. d4 e6 5. Nc3 Be7 6. Nf3 d5 7. c5 N6d7 8. Bf4
Nc6 9. Bb5 Nf8 10. O-O Ng6 11. Bg3 O-O 12. a3 Bd7 13. Qd3 a6 14. Ba4 f5 15. exf6
Bxf6 16. Rfe1 Nce7 17. Bc2 Nf5 18. Rad1 c6 19. h3 Nxg3 20. fxg3 Qc7 21. g4 Rae8
22. g5 Bd8 23. Ne5 Rf5 24. h4 Nxh4 25. Qh3 Rxg5 26. Bxh7+ Kxh7 27. Qxh4+ Kg8 28.
Qf2 Bf6 29. Nxd7 Qxd7 30. Re3 Qf7 31. Rf3 Qh5 32. Ne2 Rg6 33. Nf4 Qg5 34. Nxg6
Qxg6 35. Rdd3 e5 36. Rg3 Qh6 37. Qe3 Qxe3+ 38. Rdxe3 e4 39. Rb3 Bxd4+ 40. Kf1
Rb8 41. Ke2 Bxc5 42. Rg4 b6 43. Rg6 d4 44. Re6 e3 45. Kd3 Rf8 46. Rxc6 Rf2 47.
g4 Rd2+ 48. Kc4 Rg2 49. Kd3 Rxg4 50. Ke2 Rg2+ 51. Kf3 Rf2+ 52. Kg3 a5 53. Rcxb6
Bxb6 54. Rxb6 Rc2 55. Rd6 Rd2 56. Kf3 e2 57. Re6 d3 58. b4 axb4 59. axb4 Rd1 60.
Kf2 Rd2 61. b5 Rb2 62. b6 g5 63. Re3 Rxb6 64. Rxd3 Re6 65. Ke1 Kg7 66. Rd2 Kg6
67. Rxe2 Rxe2+ 68. Kxe2 Kh5 69. Kf3 Kh4 70. Kg2 g4 71. Kh2 g3+ 72. Kg2 Kg4 73.
Kg1 Kf3 74. Kf1 g2+ 75. Kg1 Kg3 1/2-1/2

[Event "AUTO-MASTER-3288"]
[Site "http://www.queenalice.com/game.php?id=1865545"]
[Date "2025.11.13"]
[Round "1"]
[White "Capixabba789"]
[Black "Guilherme_Ottoni"]
[Result "0-1"]
[WhiteElo "1922"]
[BlackElo "2224"]

1. d4 d5 2. Nc3 c5 3. dxc5 Nf6 4. e3 e5 5. f4 exf4 6. Nf3 Bxc5 7. exf4 O-O 8.
Be2 Re8 9. Kf1 Nc6 10. h4 Bg4 11. a3 d4 12. Na2 Ne4 13. Bd2 Ng3+ 0-1

[Event "AUTO-MASTER-3289"]
[Site "http://www.queenalice.com/game.php?id=1866187"]
[Date "2025.11.26"]
[Round "1"]
[White "Guilherme_Ottoni"]
[Black "cerenzo72"]
[Result "1/2-1/2"]
[WhiteElo "2229"]
[BlackElo "2134"]

1. d4 Nf6 2. c4 d6 3. Nf3 Bg4 4. Qb3 b6 5. h3 Be6 6. Nc3 g6 7. e4 Bg7 8. d5 Bd7
9. Bd3 O-O 10. O-O c6 11. Bf4 cxd5 12. cxd5 Bc8 13. Rac1 e6 14. Nb5 Ne8 15. Rfd1
Na6 16. Qa3 exd5 17. exd5 Nc5 18. Bb1 a6 19. Nbd4 Bb7 20. b4 Nd7 21. Nc6 Bxc6
22. Rxc6 Nb8 23. Rcc1 Nc7 24. Be3 Nb5 25. Qb3 Nd7 26. a4 Na7 27. Bd4 Nf6 28. Bd3
a5 29. bxa5 bxa5 30. Bxa7 Rxa7 31. Bb5 Ne4 32. Nd4 Qf6 33. Nf3 Nc5 34. Qc4
1/2-1/2